Telescopes in India / (Record no. 35575)

MARC details
000 -LEADER
fixed length control field 00831nam a22002175a 4500
005 - DATE AND TIME OF LATEST TRANSACTION
control field 20100501115513.0
008 - FIXED-LENGTH DATA ELEMENTS--GENERAL INFORMATION
fixed length control field 090911s2009 ii ab b 100 0 eng d
020 ## - INTERNATIONAL STANDARD BOOK NUMBER
International Standard Book Number 9788123756370
Terms of availability 130.00
037 ## - SOURCE OF ACQUISITION
Source of stock number/acquisition North India Publishers & Distributors
040 ## - CATALOGING SOURCE
Original cataloging agency DPL
Language of cataloging English
100 ## - MAIN ENTRY--PERSONAL NAME
Personal name Mohan Sundara Rajan
245 ## - TITLE STATEMENT
Title Telescopes in India /
Statement of responsibility, etc by Mohan Sundara Rajan; illustrated by Ajmal Khan
260 ## - PUBLICATION, DISTRIBUTION, ETC. (IMPRINT)
Place of publication, distribution, etc New Delhi :
Name of publisher, distributor, etc National Book Trust
Date of publication, distribution, etc 2009
270 ## - ADDRESS
Address Nehru Bhawan, 5 Industrial Area, Phase-I, Vasant Kunj
City New Delhi
Postal code 110070
300 ## - PHYSICAL DESCRIPTION
Extent xviii, 329p.
Dimensions 22cm(pbk)
500 ## - GENERAL NOTE
General note Includes glossary, bibliographical reference and index
520 ## - SUMMARY, ETC.
Summary, etc Contributed articles.
700 ## - ADDED ENTRY--PERSONAL NAME
Personal name Ajmal Khan
942 ## - ADDED ENTRY ELEMENTS (KOHA)
Source of classification or shelving scheme Dewey Decimal Classification
Item type English Books
Call number suffix MOH
Holdings
Withdrawn status Lost status Source of classification or shelving scheme Damaged status Not for loan Home library Current library Date acquired Cost, normal purchase price Total Checkouts Full call number Date last seen Cost, replacement price Koha item type
    Dewey Decimal Classification   Ordered Andrews Gunj Andrews Gunj 01/05/2010 130.00   MOH 01/05/2010 130.00 English Books

© Delhi Public Library
Hit Counter
free hit counter